| 000 | 00623nam a22001817a 4500 | ||
|---|---|---|---|
| 005 | 20160614123525.0 | ||
| 010 | _aENG-114405 | ||
| 020 |
_a9789351436171 _c475.00 |
||
| 035 | _aEN-97937 | ||
| 037 | _bDBAD/PUB | ||
| 082 | _a338.954 | ||
| 245 |
_aJigeesha's economic & social development in India : _bfor Civil Services (preliminary) examination |
||
| 260 |
_aGurgaon _bLexisNexis _c(201?) |
||
| 270 |
_a14th Floor, Building No.10, Tower-B, DLF Cyber City, Phase-II _bGurgaon _e122002 |
||
| 300 |
_avarious pagings _c25cm(pbk) |
||
| 490 | _aCATAPULT test prep series | ||
| 942 |
_2ddc _cEN _mJIG _h338.954 |
||
| 999 |
_c97956 _d97956 |
||